• 首页
  • 本馆介绍
  • 公告通知
  • 最新文献
  • 馆藏检索
  • 电子资源
  • 读者导购
  • 参考咨询
  • 我的图书馆
  • 登录
  • 详细信息显示
  • 放入我的书架
  • 预约/预借图书
  • 作者相关作品
  • 分类相关作品
  • 丛书相关作品
  • 出版社相关作品

书目信息

  • 表格格式
  • 工作单格式
  • 卡片格式
题名:
讲学习讲政治讲正气教育读本
    
 
作者: ;中央"三讲"教育联系会议办公室 编
分册:  
出版信息: 北京   党建读物出版社  1998
页数: 423页
开本: 20cm
丛书名:
单 册:
中图分类: A464
科图分类:
主题词: 毛泽东著作--专题汇编
电子资源:
ISBN: 7-80098-363-3
000 00710nam0 2200193 450
001 0730599682
005 20070726085510.48
010    @a7-80098-363-3@d不详
100    @a20070721d1998 km y0chiy0120 ea
101 0  @achi
102    @aCN
200 1  @a讲学习讲政治讲正气教育读本@Ajiang xue xi jiang zheng zhi jiang zheng qi jiao yu du ben@f中央"三讲"教育联系会议办公室编@Fzhong yang"san jiang"jiao yu lian xi hui yi ban gong shi bian
210    @a北京@c党建读物出版社@d1998
215    @a423页@d20cm
606 0  @a毛泽东著作@x专题汇编
690    @aA464@v3
711 02 @a中央"三讲"教育联系会议办公室@Azhong yang"san jiang"jiao yu lian xi hui yi ban gong shi@4编
801  0 @aCN@bPFT@c20070726
905    @a10447@dA464@e44
    
    讲学习讲政治讲正气教育读本/中央"三讲"教育联系会议办公室编.-北京:党建读物出版社,1998
    423页;20cm
    
    
    ISBN 7-80098-363-3:不详
    
●
相关链接 在E读中查询图书 在五车中查询图书 在当当中查询图书 在豆瓣中查询图书


正题名:讲学习讲政治讲正气教育读本     索取号:A464/44         预约/预借

序号 登录号 条形码 馆藏地/架位号 状态 备注
1 0769205   207692059   第一样本阅览室/ [索取号:A464/44] 在馆    
唐山师范学院图书馆 欢迎您!
大连网信软件有限公司© 版权所有